Statistiques concernant Départements Limitrophes de La Haute-Garonne

Cliquez ici pour prendre le quiz!

Statistiques générales

  • Ce quiz a été pris 45 fois
  • Le résultat moyen est 6 sur 6

Statistiques - réponses

Départements% Correct
Tarn
100%
Tarn-et-Garonne
100%
Aude
95%
Gers
95%
Ariège
93%
Hautes-Pyrénées
88%

Distribution des résultats

Percentile par nombre de réponses

% des personnes avec chaque résultat

Votre développement - résultats

Vous n’avez pas pris ce quiz